[Event "FRA-ch Blitz Online Qual"]
[Site "Europe Echecs INT"]
[Date "2020.05.16"]
[Round "10"]
[White "Ibrouchene, Christophe"]
[Black "Joly, Julien"]
[Result "0-1"]
[WhiteElo "1797"]
[BlackElo "2188"]
[PlyCount "28"]
[EventDate "2020.05.16"]
[EventType "swiss (blitz)"]
[EventRounds "15"]
[EventCountry "FRA"]
[SourceTitle "CBM 196 Extra"]
[Source "ChessBase"]
[SourceDate "2020.07.31"]
[SourceVersion "1"]
[SourceVersionDate "2020.07.31"]
[SourceQuality "1"]

1. f4 d5 2. Nf3 Nf6 3. e3 g6 4. Be2 Bg7 5. Kf1 0-0 6. Nc3 c5 7. h3 d4 8. exd4 cxd4 9. Nb5 Ne4 10. Kg1 a6 11. Na3 Ng3 12. Rh2 b5 13. c3 d3 14. Bf1 Qb6+ 0-1

[Event "FRA-ch Blitz Online Qual"]
[Site "Europe Echecs INT"]
[Date "2020.05.16"]
[Round "4"]
[White "Ibrouchene, Christophe"]
[Black "Thobie, Pascal"]
[Result "1-0"]
[WhiteElo "1797"]
[BlackElo "1216"]
[PlyCount "135"]
[EventDate "2020.05.16"]
[EventType "swiss (blitz)"]
[EventRounds "15"]
[EventCountry "FRA"]
[SourceTitle "CBM 196 Extra"]
[Source "ChessBase"]
[SourceDate "2020.07.31"]
[SourceVersion "1"]
[SourceVersionDate "2020.07.31"]
[SourceQuality "1"]

1. e4 e6 2. d4 d5 3. Nc3 c5 4. exd5 exd5 5. Nf3 Bg4 6. Bb5+ Nc6 7. dxc5 Bxc5 8. 0-0 Nge7 9. Bg5 f6 10. Bf4 0-0 11. h3 Bh5 12. Qd3 Bg6 13. Qd2 a6 14. Bd3 Bxd3 15. Qxd3 d4 16. Ne4 Ba7 17. Rad1 Ng6 18. Bg3 Nce5 19. Nxe5 Nxe5 20. Bxe5 fxe5 21. Qb3+ Kh8 22. Qxb7 a5 23. b3 Qb6 24. Qd5 Rad8 25. Qxe5 d3 26. cxd3 Rde8 27. Qd5 Rd8 28. Qg5 Qd4 29. Qd2 h6 30. Kh1 Rf7 31. Qxa5 Rdf8 32. Qb5 Bb6 33. Qc4 Qe5 34. a4 Bc7 35. g3 Rf5 36. Kg2 Rf3 37. Qc5 Qxc5 38. Nxc5 R3f7 39. Ne4 Ba5 40. f3 Bb6 41. d4 Bc7 42. d5 Bb6 43. Rd3 Rd8 44. Rfd1 Ba7 45. d6 Rdf8 46. b4 Rd8 47. b5 Bb6 48. h4 Kh7 49. Rd5 Rfd7 50. R1d3 Ba5 51. g4 Bb6 52. h5 Ba5 53. Rf5 Bb6 54. Rd2 Ba5 55. Re5 Bb6 56. Re7 Ba5 57. Rxd7 Rxd7 58. Rd5 Bb6 59. Nd2 Ba5 60. Nc4 Bc3 61. a5 Bb4 62. b6 Rb7 63. a6 Rb8 64. b7 Bc5 65. d7 Rxb7 66. axb7 Bb6 67. b8Q Be3 68. Qe8 1-0